| 000 | 01015nam a22003377a 4500 | ||
|---|---|---|---|
| 003 | CHAP | ||
| 005 | 20220817044358.0 | ||
| 008 | 101007s2009 it rn 00010 eng d | ||
| 010 | _a99384 | ||
| 011 | _a100356 | ||
| 020 | _a9789251062135 | ||
| 035 | _a111042 | ||
| 040 | _cCHAP | ||
| 082 | 0 | 4 |
_a641.3 _bF33y v.6 |
| 110 | 2 | _aFAO | |
| 245 | 1 | 0 |
_aResidue evaluation of certain veterinary drugs _c/por FAO |
| 260 |
_aRoma : _bFAO, _c2009 |
||
| 300 | _axiv, 294 p. | ||
| 490 | 0 |
_aFAO. JECFA monographs _v; 6 |
|
| 590 |
_aBATCH-UPD _b10 _c20130110 _lUCH01 _h1455 |
||
| 590 |
_aBATCH-UPD _b10 _c20130410 _lUCH01 _h0920 |
||
| 590 |
_aBATCH-UPD _b10 _c20130914 _lUCH01 _h1222 |
||
| 590 |
_aCONVERSION _b10 _c20130109 _lUCH01 _h1355 |
||
| 650 | 1 | 4 |
_aDrogas. _934244 |
| 650 | 1 | 4 |
_aResíduos químicos. _996149 |
| 650 | 1 | 4 |
_aVeterinaria _xMedicamentos. _9119002 |
| 830 | 0 |
_aFAO. JECFA monographs _v; 6 _939608 |
|
| 901 | _aBK | ||
| 942 | _cLIBRO | ||
| 949 |
_a641.3 F33y v.6 _bBC _cFAO _d33724002098306 _eFAO1 _h113560 _i111042 _sb |
||
| 999 |
_c99384 _d99384 |
||